Controlling Virtual Agent. (Record no. 58659)

MARC details
000 -LEADER
fixed length control field 00543nam a22001817a 4500
082 ## - DEWEY DECIMAL CLASSIFICATION NUMBER
Classification number R/5BS(CS)11
100 ## - MAIN ENTRY--AUTHOR NAME
Personal name Muhammad Mohsin
100 ## - MAIN ENTRY--AUTHOR NAME
Personal name Roll No. 11BS(CS)09
100 ## - MAIN ENTRY--AUTHOR NAME
Personal name Supervisor - Dr. Akhtar Hussain Jalbani
245 ## - TITLE STATEMENT
Title Controlling Virtual Agent.
260 ## - PUBLICATION, DISTRIBUTION, ETC. (IMPRINT)
Place of publication Nawabshah
Name of publisher QUEST
Year of publication 2015
300 ## - PHYSICAL DESCRIPTION
Number of Pages 86p
700 ## - ADDED ENTRY--PERSONAL NAME
Personal name Saneel Noman (Roll No. 11-10BS(CS)38)
700 ## - ADDED ENTRY--PERSONAL NAME
Personal name Salman Khan (Roll No. 11BS(CS)18)
700 ## - ADDED ENTRY--PERSONAL NAME
Personal name Ali-ul-Islam (Roll No. 11BS(CS)46)
700 ## - ADDED ENTRY--PERSONAL NAME
Personal name Hameeda Chandio (Roll No. 11BS(CS)13)
942 ## - ADDED ENTRY ELEMENTS (KOHA)
Koha item type Thesis and Dissertation
Holdings
Withdrawn status Lost status Home library Current library Date acquired Full call number Accession Number Koha item type
    Research Section Research Section 04/05/2018 R/5BS(CS)11 BSCSP/12-118 Thesis and Dissertation